Ius naturae (Record no. 66225)

MARC details
000 -LEADER
campo de control de longitud fija 00487nam a2200157 i 4500
001 - NÚMERO DE CONTROL
campo de control 66225
003 - IDENTIFICADOR DE NÚMERO DE CONTROL
campo de control ES-MaACL
005 - FECHA Y HORA DE LA ÚLTIMA TRANSACCIÓN
campo de control 20230906165555.0
007 - CAMPO FIJO DE DESCRIPCIÓN FÍSICA--INFORMACIÓN GENERAL
campo de control de longitud fija t|
008 - DATOS DE LONGITUD FIJA--INFORMACIÓN GENERAL
campo de control de longitud fija 040129s1961 sp ||||1| spa d
100 1# - ENTRADA PRINCIPAL--NOMBRE DE PERSONA
Nombre de persona Galán Gutiérrez, Eustaquio.
9 (RLIN) 53314
245 10 - MENCIÓN DEL TÍTULO
Título Ius naturae
Resto del título : (lecciones de cátedra) /
Mención de responsabilidad, etc. Eustaquio Galán y Gutiérrez.
260 ## - PUBLICACIÓN, DISTRIBUCIÓN, ETC.
Lugar de publicación, distribución, etc. Madrid :
Nombre del editor, distribuidor, etc. [s.n.],
Fecha de publicación, distribución, etc. 1961 (
Fabricante Sucs. de Rivadeneyra)
300 ## - DESCRIPCIÓN FÍSICA
Extensión 2 v., lám. ;
Dimensiones 25 cm.
852 ## - LOCALIZACIÓN
Ubicación ES-MaACL
Número de control de estantería C-44557-8
Sublocalización o colección R.49181
Holdings
Estatus retirado Estado de pérdida Estado de daño No para préstamo Biblioteca de origen Biblioteca actual Ubicación en estantería Fecha de adquisición Fuente de adquisición Total de préstamos Signatura topográfica completa Código de barras Visto por última vez Precio de reemplazo Tipo de ítem Koha
        Biblioteca del Ateneo de Madrid Biblioteca del Ateneo de Madrid Depósito 2 17/01/2008     C-44557-8 1069383 23/02/2023 23/02/2023 Libro impreso